| 000 | 00808nam a2200277Ia 4500 | ||
|---|---|---|---|
| 001 | Para_7968 | ||
| 003 | CHAP | ||
| 008 | 220125s1901 xx 000 0 und d | ||
| 010 | _a205800 | ||
| 040 | _cCHAP | ||
| 082 | _aPA-C 595.75 H4 | ||
| 100 |
_aGossard, H. A. _950071 |
||
| 245 |
_aThe Cottony cushion scale / _c by H. A. Gossard. |
||
| 300 | _a310-356 p. | ||
| 440 |
_aHemiptera; 10 _9171909 |
||
| 500 | _aEncuadernado con otros impresos similares | ||
| 650 |
_aHemÃpteros _x colecciones de escritos / Pulvinaria innumerabilis _9171922 |
||
| 710 |
_aFlorida Agr. Exp. Sta. Bulletin; 56 _9171923 |
||
| 901 | _aPA-C 595.75 H4 | ||
| 902 | _aA | ||
| 905 | _a0000001901 0000000000 00 | ||
| 910 | _a1901 | ||
| 942 | _cPARA | ||
| 942 |
_cPARA _d1 |
||
| 999 |
_c205800 _d205800 |
||